Locutions russes en images /

Spremljeno u:
Bibliografski detalji
Glavni autor: Doubrovine M.I.
Format: Knjiga
Jezik:Vietnamese
Izdano: Moscou : MOSCOU , 1981
Izdanje:In lần thứ 1
Teme:
Oznake: Dodaj oznaku
Bez oznaka, Budi prvi tko označuje ovaj zapis!
Thư viện lưu trữ: Thư viện Trường CĐ Kỹ Thuật Cao Thắng
LEADER 00590nam a2200193 a 4500
001 TVCDKTCT2140
003 Thư viện trường Cao đẳng Kỹ thuật Cao Thắng
005 20050815000000
008 050815
980 \ \ |a Thư viện Trường CĐ Kỹ Thuật Cao Thắng 
024 |a RG_1 #1 eb0 i1 
041 0 # |a vie 
082 # # |a 491.7 /   |b D400U-l 
100 1 # |a Doubrovine M.I. 
245 0 0 |a Locutions russes en images /  |c Doubrovine M.I. 
250 # # |a In lần thứ 1 
260 # # |a Moscou :  |b MOSCOU ,  |c 1981 
300 # # |a 367tr. ;  |c 15cm 
650 # 4 |a Liên từ tiếng nga